000 00460nam a2200169Ia 4500
008 210716s2013 xx 000 0 und d
020 _a9789327224986
041 _aeng
082 _a657.046 JAIS
100 _aJain, S P;Narang, K L.
245 _aAdvanced accountancy: principles of accounting.
_bPrinciples of accounting.
250 _a1
260 _aNew Delhi
_bKalyani Publishers
_c2013
300 _a41.7
440 _v1
650 _aAccounting(657)
999 _c210140
_d210140